00639nam a2200229 a 4500001001300000003000900013005001700022008004100039020000800080082001400088100002600102245003500128260004700163300000900210500003500219505001000254700002600264902000800290942000700298952009100305999001300396nice12345678IN_TiNIC20260116011320.0050524s1946 newa grp 000 0 eng  ac000a201bBEA1 aBeard, Augustus Field aStory of John Frederic Oberlin aNew YorkbChristian Rural Fellowshipc1946 a100p aincludes index and biblioraphy2 aIllus1 aBeard, Augustus Field bSRS cBK 00104070aHMIbHMId2005-05-24g0.00l0o201 BEA1p729r2005-05-24w2026-01-16yARB c433d433